| 000 | 00363 a2200169 4500 | ||
|---|---|---|---|
| 001 | 188801 | ||
| 020 | _a85-08-05819-52 | ||
| 040 | _cMagnum | ||
| 100 | _aRagache, Gilles | ||
| 240 | 1 | 0 |
_aA europa: mitos e lendas _lpor |
| 245 | 1 | 0 | _aA europa: mitos e lendas |
| 300 | _a48 | ||
| 362 | 0 | _a2003 | |
| 440 | 1 | _aÁtica | |
| 697 | _aHISTÓRIA GERAL | ||
| 942 | _cBK | ||
| 999 |
_c188801 _d188801 |
||